000 00325nam a2200133Ia 4500
008 191201s2006 xx 000 0 und d
082 _a006.3
_bPAA
100 _aPADHY, N P
245 0 _aArtificial Intelligence and Intelligent System
260 _aN.Delhi
_bOxford
_c2006
300 _a614
650 _aMBA
942 _2ddc
_cBK
999 _c3177
_d3177